000 00541nam a2200193Ia 4500
005 20250326141917.0
008 250326s9999 xx 000 0 und d
020 _a0-521-388953
037 _aTextbook
040 _aFMSL
_beng
_cFMSL
041 _aeng
_2eng
084 _aX:74y7 N0
_qFMSL
100 _aHuggett Renee
_9745269
245 0 _aBusiness case Studies
_cHuggett Renee
260 _aNew york
_bNew york, Cambridge University Press
_c1990
300 _a105p
942 _cTB
_hX:74y7 N0
999 _c1292569
_d1292569